world arilines - Statistics

Statistiche generali
  • Questo quiz è stato fatto 19 volte
  • Il punteggio medio è 12 su 50
Statistiche sulle risposte
Hint Risposta % Corretto
Italy Ita Airways
65%
Germany Lufthansa
59%
USA American Airlines
53%
United Arab Emirates Emirates
53%
France Airfrance
41%
UK British Airways
41%
USA Delta Airlines
41%
Portugal Tap
41%
Netherlands KLM
35%
Singapore Singapore Airlines
35%
Switzerland Swiss
35%
Canada Air Canada
29%
Spain Iberia
29%
Austria Austrian Airlines
24%
Iceland Icelandair
24%
Norway Norwegian
24%
Oman Omanair
24%
Australia Qantas
24%
Sweden SAS
24%
Denmark SAS
24%
Thailand Thai
24%
Turkey Turkish Airlines
24%
USA United Airlines
24%
Greece Aegean Airlines
18%
Russia Aeroflot
18%
Mexico Aeromexico
18%
India Air India
18%
New Zealand Air New Zealand
18%
Colombia Avianca
18%
Belgium Brussels Airlines
18%
Egypt Egyptair
18%
India IndiGo
18%
South Korea Korean Air
18%
Chile Latam Chile
18%
Colombia Latam Colombia
18%
Poland LOT
18%
Malaysia Malaysia Airlines
18%
Morocco Royal Air Maroc
18%
Saudi Arabia Saudia
18%
China Air China
12%
Japan All Nippon Airways
12%
Taiwan Eva Air
12%
Finland Finnair
12%
USA JetBlue
12%
Brazil Latam Brazil
12%
Peru Latam Peru
12%
USA Southwest
12%
Ireland Air Lyngus
6%
South Africa South Africa Airlines
6%
Qatar Qatar Aiways
0%
Nessun quiz corrispondente trovato
Distribuzione punteggi
Percentuale di utenti per punteggio
Percentile per numero di risposta
I tuoi punteggi nel tempo
Non hai fatto questo quiz